|
|
|
|
| LEADER |
00813nam a22002057i 4500 |
| 003 |
GR-PaULI |
| 005 |
20230921131850.0 |
| 008 |
170531b xxu||||f |||| 00| 1 gre d |
| 020 |
|
|
|a 9789600442618
|
| 040 |
|
|
|a GR-PaULI
|b gre
|c GR-PaULI
|e AACR2
|
| 041 |
|
0 |
|a gre
|
| 082 |
0 |
4 |
|2 23
|a 889.33
|
| 100 |
1 |
|
|a Πατρίκιος, Τίτος,
|d 1928-
|e συγγραφέας
|9 7113
|
| 245 |
1 |
0 |
|a Συγκατοίκηση με το παρόν /
|c Τίτος Πατρίκιος.
|
| 260 |
|
|
|a Αθήνα :
|b Κέδρος,
|c 2011.
|
| 300 |
|
|
|a 70 σ. ;
|c 21 εκ.
|
| 942 |
|
|
|2 ddc
|c BK15
|
| 952 |
|
|
|0 0
|1 0
|2 ddc
|4 0
|6 889_330000000000000_ΠΑΤ
|7 0
|9 212808
|a LISP
|b LISP
|c DON
|d 2017-05-31
|e ΒΑΛ
|i 129253
|l 0
|o 889.33 ΠΑΤ
|p 025000247607
|r 2017-05-31 00:00:00
|t 1
|v 2017.00
|w 2017-05-31
|y BK15
|
| 998 |
|
|
|c ΣΑΤΛΑΝΗΣ
|d 2017-05
|
| 999 |
|
|
|c 129436
|d 129436
|